Principles of Management Efficiency and Effectiveness in the Private and Public Sector /

This textbook presents an overview of how the activities of an organisation can be managed to satisfy the needs of stakeholders through the cost effective, operationally efficient and sustainable transformation of resources into outputs. Taking an interdisciplinary approach, the authors show the rel...

Celý popis

Uloženo v:
Podrobná bibliografie
Hlavní autor: Eichhorn, Peter (Autor)
Médium: Elektronický zdroj E-kniha
Jazyk:angličtina
Vydáno: Cham : Springer International Publishing, 2018.
Vydání:1st ed. 2018.
Edice:Springer Texts in Business and Economics,
Témata:
ISBN:9783319709024
ISSN:2192-4333
On-line přístup: Získat plný text
Tagy: Přidat tag
Žádné tagy, Buďte první, kdo vytvoří štítek k tomuto záznamu!

MARC

LEADER 00000nam a22000005i 4500
003 SK-BrCVT
005 20220618102553.0
007 cr nn 008mamaa
008 180111s2018 gw | s |||| 0|eng d
020 |a 9783319709024 
024 7 |a 10.1007/978-3-319-70902-4  |2 doi 
035 |a CVTIDW13005 
040 |a Springer-Nature  |b eng  |c CVTISR  |e AACR2 
041 |a eng 
100 1 |a Eichhorn, Peter.  |4 aut 
245 1 0 |a Principles of Management  |h [electronic resource] :  |b Efficiency and Effectiveness in the Private and Public Sector /  |c by Peter Eichhorn, Ian Towers. 
250 |a 1st ed. 2018. 
260 1 |a Cham :  |b Springer International Publishing,  |c 2018. 
300 |a XV, 366 p. 110 illus., 26 illus. in color.  |b online resource. 
490 1 |a Springer Texts in Business and Economics,  |x 2192-4333 
500 |a Business and Management  
505 0 |a Chapter 1: Understanding Economic Activity -- Chapter 2: Economies and Needs -- Chapter 3: Individuals and Institutions in the Economy -- Chapter 4: A Principle for Action -- Chapter 5: Goals, Production Factors and Results -- chapter 6: The Conceptual Basis -- Chapter 7: Calculating Economic Efficiency -- Chapter 8: Economic Efficiency in Practice -- Chapter 9: Managerial Methods. 
516 |a text file PDF 
520 |a This textbook presents an overview of how the activities of an organisation can be managed to satisfy the needs of stakeholders through the cost effective, operationally efficient and sustainable transformation of resources into outputs. Taking an interdisciplinary approach, the authors show the relationship between management and economics and within this framework present the key areas of management activity. The book explains the connections between these areas and provides tools and instruments for successful management. The book's approach and content is relevant for all kinds of organisation - private or public sector, service or manufacturing, non-profit, large or small. Each chapter provides cases to illustrate what has been discussed and some questions to test comprehension. Throughout the book is a continuing project in which the reader is put in the position of owning their own business and must think and make decisions about what the chapter has discussed. The book combinesAnglo-American and German approaches to management and management studies, making it a valuable resource both for those who are studying management and those who are working as managers. 
650 0 |a Management. 
650 0 |a Organization. 
650 0 |a Planning. 
650 0 |a Industrial organization. 
856 4 0 |u http://hanproxy.cvtisr.sk/han/cvti-ebook-springer-eisbn-978-3-319-70902-4  |y Vzdialený prístup pre registrovaných používateľov 
910 |b ZE10285 
919 |a 978-3-319-70902-4 
974 |a andrea.lebedova  |f Elektronické zdroje 
992 |a SUD 
999 |c 241451  |d 241451